000 00459nam a2200121Ia 4500
008 200226s9999 xx 000 0 und d
020 _a978-1-98463-449-8
245 _cEdited by: Aleksandar Mratinkovic.--
_aHotel and restaurant technology /
260 _aNew York :
_b3G E-learning
_c2019
300 _aix , 319 pages :
_bcolor illustrations ;
_c30 cm.
500 _aincludes bibligraphical reference and indexes.
650 _aHospitality industry -- automation.
999 _c362998
_d362998